000 00286nam a2200121 i 4500
001 bg
245 0 _aEncyclopedia of polymer science and technology. Vol.8.
260 _aNew York,
_c1967.
040 _cBPK
041 _apol
942 _cKS
008 s pl f |000 0 pol
999 _c11732
_d11732
856 _uhttp://koha.tu.koszalin.pl/cgi-bin/koha/opac-detail.pl?biblionumber=11732
_yKatalog online BPK